书目信息 |
| 题名: |
中国芍药科野生种迁地保护与新品种培育
|
|
| 作者: | 王莲英 著 | |
| 分册: | ||
| 出版信息: | 北京 中国林业出版社 2013 |
|
| 页数: | 112页 | |
| 开本: | 26cm | |
| 丛书名: | ||
| 单 册: | ||
| 中图分类: | S682.1 | |
| 科图分类: | ||
| 主题词: | 牡丹--mu dan--观赏园艺 , 牡丹--mu dan--作物育种 | |
| 电子资源: | ||
| ISBN: | 978-7-5038-6977-8 | |
| 000 | 01295cam0 2200301 450 | |
| 001 | 012001003606 | |
| 005 | 20131104171133.0 | |
| 010 | @a978-7-5038-6977-8@dCNY88.00 | |
| 099 | @aCAL 012013052717 | |
| 100 | @a20130416d2013 em y0chiy50 ea | |
| 101 | 1 | @achi@aeng |
| 102 | @aCN@b110000 | |
| 105 | @aak a 000yy | |
| 106 | @ar | |
| 200 | 1 | @a中国芍药科野生种迁地保护与新品种培育@Azhong guo shao yao ke ye sheng zhong qian di bao hu yu xin pin zhong pei yu@d= The ex-situ conservation centre of Chinese paeoniceae wild species and cultivation of new cultivars@f王莲英 ... [等] 著@zeng |
| 210 | @a北京@c中国林业出版社@d2013 | |
| 215 | @a112页@c彩图@d26cm | |
| 300 | @a本书由北京东方园林股份有限公司资助出版 | |
| 304 | @a英文并列题名中"paeoniceae"应为"paeoniaceae" | |
| 320 | @a有书目 (第110页) | |
| 330 | @a本书分为概述 ; 迁地保护中心的建立 ; 新品种培育 ; 主要新品种简介四章, 主要内容包括: 选择迁地保护中心地址 ; 把握正确的引种季节和引种方式等。 | |
| 510 | 1 | @aEx-situ conservation centre of Chinese paeoniaceae wild species and cultivation of new cultivars@zeng |
| 606 | 0 | @a牡丹@Amu dan@x观赏园艺 |
| 606 | 0 | @a牡丹@Amu dan@x作物育种 |
| 690 | @aS682.1@v5 | |
| 701 | 0 | @a王莲英@Awang lian ying@4著 |
| 801 | 2 | @aCN@b上海新华@c20191020 |
| 905 | @b1205969-71@dS682.1@e587@f3 | |
| 中国芍药科野生种迁地保护与新品种培育= The ex-situ conservation centre of Chinese paeoniceae wild species and cultivation of new cultivars/王莲英 ... [等] 著.-北京:中国林业出版社,2013 |
| 112页:彩图;26cm |
| 本书由北京东方园林股份有限公司资助出版 |
| ISBN 978-7-5038-6977-8:CNY88.00 |
| 本书分为概述 ; 迁地保护中心的建立 ; 新品种培育 ; 主要新品种简介四章, 主要内容包括: 选择迁地保护中心地址 ; 把握正确的引种季节和引种方式等。 |
| ● |
| 相关链接 |
|
|
|
|
正题名:中国芍药科野生种迁地保护与新品种培育
索取号:S682.1/587
 
预约/预借
| 序号 | 登录号 | 条形码 | 馆藏地/架位号 | 状态 | 备注 |
| 1 | 1205969 | 212059699 | 第二样本阅览室/ [索取号:S682.1/587] | 在馆 | |
| 2 | 1205970 | 212059706 | 第三借阅区/ [索取号:S682.1/587] | 在馆 | |
| 3 | 1205971 | 212059715 | 第三借阅区/ [索取号:S682.1/587] | 在馆 |